British Isles /

Furkejuvvon:
Bibliográfalaš dieđut
Váldodahkki: Darley, Richard J. (autor)
Eará dahkkit: Shupe, John F. (colaboración) (colaboración), Grosvenor, Melville Bell (edición) (edición)
Materiálatiipa: Gárta
Almmustuhtton: Washington, EUA : National Geographic Society, 1979, c1979
Fáttát:
Fáddágilkorat: Lasit fáddágilkoriid
Eai fáddágilkorat, Lasit vuosttaš fáddágilkora!

MARC

LEADER 00000nem^a2200000^a^4500
001 000131758
005 20250521000000.0
009 20260310095033.842
037 |a Acervo ITESO - Biblioteca 
041 |a GRA 
082 |a 912. 42  |b DAR 
100 |a Darley, Richard J.  |e (autor) 
245 1 0 |a British Isles /  |c R.J. Darley ; colaboración de J.F. Shupe ; ed. de M.B. Grosvenor. 
255 |c (O12º-E3º/N59º-N49º) 
255 |a Escala 1 : 1 687 000 
264 4 |a Washington, EUA :  |b National Geographic Society,  |c 1979, c1979 
300 |a 1 mapa 
336 |a imagen cartográfica estática  |b cri  |2 rdacontenido 
337 |a sin mediación  |b n  |2 rdamedio 
338 |a mapa  |b nz  |2 rdasoporte 
546 |a Edición gráfica con texto en inglés 
649 |a XX 
650 |a Irlanda -  |x Mapas 
650 |a Escocia -  |x Mapas 
650 |a Gales -  |x Mapas 
650 |a Inglaterra -  |x Historia -  |y Período Antiguo, 600 a.C.-1066 d.C. -  |x Mapas 
650 |a Inglaterra -  |x Historia -  |y Período Medieval y Renacentista, 1066-1649 -  |x Mapas 
650 |a Inglaterra -  |x Mapas 
650 |a Europa -  |x Mapas 
650 |a Cartografía -  |z Inglaterra 
650 |a Geografía -  |z Inglaterra 
740 0 |a Medieval England /  |c R.J. Darley ; colaboración de J.F. Shupe ; ed. de M.B. Grosvenor. 
700 |a Shupe, John F.  |e (colaboración) 
700 |a Grosvenor, Melville Bell  |e (edición) 
910 |a Fondo General 
920 |a Gráficos - Mapas 
905 |a 503 
901 |a 0500061168  |b IT2  |c MAP  |u 20250521 
902 |a https://opac.biblio.iteso.mx/vufind/Record/000131758